[Event "Junior Online 4NCL Division 5"]
[Site "online"]
[Date "2020.04.30"]
[Round "3.154"]
[White "Evans, Joseph"]
[Black "Omidvar, Lara"]
[Result "1/2-1/2"]
[WhiteElo "1007"]
[BlackElo "790"]
[PlyCount "99"]
[EventDate "2020.04.30"]
[WhiteTeam "Harrow Juniors E"]
[BlackTeam "St John's College C"]

1. c4 e5 2. g3 Nc6 3. Bg2 Nf6 4. Nc3 d6 5. e3 Nb4 6. Qa4+ Nc6 7. Nd5 Be6 8. Ne2
Qd7 9. Nxf6+ gxf6 10. d4 exd4 11. exd4 Bg4 12. d5 Ne5 13. Qxd7+ Nxd7 14. b3
Bxe2 15. Kxe2 O-O-O 16. Re1 Re8+ 17. Kf1 Rxe1+ 18. Kxe1 Nc5 19. Kf1 Nd3 20. Be3
c5 21. Rd1 Nb2 22. Re1 Nd3 23. Rd1 Nb2 24. Rb1 Nd3 25. Kg1 Bg7 26. Bh3+ Kb8 27.
Rd1 Ne5 28. Bg4 Nxg4 29. Bf4 Kc7 30. Re1 Ne5 31. Bxe5 fxe5 32. f4 exf4 33. Re7+
Kb6 34. Rxf7 Bd4+ 35. Kg2 fxg3 36. hxg3 h5 37. Rf4 Rg8 38. Rh4 Be5 39. Rxh5
Rxg3+ 40. Kf2 Rc3 41. Rh1 Bg3+ 42. Kg2 Be5 43. Rb1 Rc2+ 44. Kf3 Rb2 45. Rxb2
Bxb2 46. Ke4 a5 47. a4 Bc1 48. Kf5 Kc7 49. Ke6 Kb8 50. Kxd6 1/2-1/2

[Event "Junior Online 4NCL Division 5"]
[Site "online"]
[Date "2020.04.30"]
[Round "3.155"]
[White "Rajesh, Shradha"]
[Black "Kulkarni, Arnav"]
[Result "1/2-1/2"]
[WhiteElo "1240"]
[BlackElo "1070"]
[PlyCount "63"]
[EventDate "2020.04.30"]
[WhiteTeam "Harrow Juniors E"]
[BlackTeam "St John's College C"]

1. c4 e5 2. e3 Nc6 3. Nc3 d5 4. cxd5 Nb4 5. e4 Nf6 6. a3 Na6 7. Bxa6 bxa6 8.
Nf3 Bd6 9. d3 Bg4 10. O-O O-O 11. h3 Bh5 12. g4 Bg6 13. Bg5 h6 14. Bh4 Rb8 15.
b4 Be7 16. Bg3 Bd6 17. Bxe5 Bxe5 18. Nxe5 Qd6 19. Nxg6 fxg6 20. d4 Qf4 21. Re1
Rbe8 22. e5 Nd7 23. Ne2 Qxf2+ 24. Kh1 Qf3+ 25. Kg1 Qf2+ 26. Kh1 Qf3+ 27. Kg1
Qe3+ 28. Kh1 Qf3+ 29. Kg1 Qf2+ 30. Kh1 Qf3+ 31. Kg1 Qf2+ 32. Kh1 1/2-1/2

[Event "Junior Online 4NCL Division 5"]
[Site "online"]
[Date "2020.04.30"]
[Round "3.156"]
[White "Baranidharan, Kritthik"]
[Black "Cann, Arthur"]
[Result "1-0"]
[WhiteElo "1040"]
[BlackElo "1240"]
[PlyCount "97"]
[EventDate "2020.04.30"]
[WhiteTeam "St John's College C"]
[BlackTeam "Harrow Juniors E"]

1. e4 e5 2. Nf3 Nf6 3. Nxe5 Qe7 4. d4 Nxe4 5. f3 Ng5 6. Nc3 f6 7. Bxg5 fxg5 8.
Qe2 Nc6 9. O-O-O Nb4 10. a3 Nc6 11. Nxc6 Qxe2 12. Bxe2 dxc6 13. Rde1 c5 14.
dxc5 Bxc5 15. Bb5+ Kd8 16. Rd1+ Bd6 17. Rhe1 a6 18. Ba4 b5 19. Bb3 Bd7 20. Bd5
Bf4+ 21. Kb1 c6 22. Bxc6 Ra7 23. Ne4 Ke7 24. Nc5+ Kf8 25. Nxd7+ Kf7 26. Bd5+
Kg6 27. Ne5+ Kf5 28. Nc6 Rc7 29. g4+ Kg6 30. Re6+ Kf7 31. Re7+ Kf6 32. Rxc7 Re8
33. Ra7 Re2 34. Rxa6 b4 35. Nd4+ Bd6 36. Nxe2 Ke5 37. Ba8 bxa3 38. Raxd6 a2+
39. Kxa2 g6 40. R6d5+ Ke6 41. Ra5 h5 42. gxh5 gxh5 43. Rxg5 Kf6 44. Rdd5 Ke6
45. Ra5 h4 46. Rg6+ Kf7 47. Rc6 h3 48. Ra7+ Ke8 49. Rc8# 1-0

[Event "Junior Online 4NCL Division 5"]
[Site "online"]
[Date "2020.04.30"]
[Round "3.157"]
[White "Pipalia, Rishi"]
[Black "Singh, Ayush"]
[Result "1-0"]
[WhiteElo "1105"]
[BlackElo "901"]
[PlyCount "91"]
[EventDate "2020.04.30"]
[WhiteTeam "Harrow Juniors E"]
[BlackTeam "St John's College C"]

1. d4 d5 2. c4 dxc4 3. e4 Nf6 4. Nc3 Nc6 5. Nf3 e6 6. Bxc4 Bb4 7. Qb3 Qd6 8. e5
Bxc3+ 9. Qxc3 Ne4 10. exd6 Nxc3 11. bxc3 O-O 12. dxc7 Bd7 13. Bf4 f6 14. d5
exd5 15. Bxd5+ Kh8 16. O-O g5 17. Bg3 f5 18. h3 f4 19. Bh2 Rac8 20. g4 Rxc7 21.
Nxg5 f3 22. Bxc7 h6 23. Nxf3 Ne7 24. Bd6 Re8 25. Bb3 Ng6 26. Bf7 Rf8 27. Bxf8
Kh7 28. Bxg6+ Kxg6 29. Bc5 Bc6 30. Ne5+ Kg5 31. Nxc6 bxc6 32. Bxa7 Kh4 33. Kg2
h5 34. gxh5 Kxh5 35. Rfe1 Kh4 36. Re4+ Kh5 37. f4 c5 38. Re5+ Kh6 39. Rxc5 Kg6
40. f5+ Kf6 41. Rd5 Kg7 42. Rd6 Kf7 43. f6 Kg8 44. Re1 Kh8 45. Re7 Kg8 46. Rd8#
1-0

[Event "Junior Online 4NCL Division 5"]
[Site "online"]
[Date "2020.04.30"]
[Round "3.158"]
[White "Omidvar, Lara"]
[Black "Evans, Joseph"]
[Result "0-1"]
[WhiteElo "790"]
[BlackElo "1007"]
[PlyCount "58"]
[EventDate "2020.04.30"]
[WhiteTeam "St John's College C"]
[BlackTeam "Harrow Juniors E"]

1. e4 c5 2. Bc4 e6 3. Nc3 Nc6 4. Nf3 Nge7 5. O-O g6 6. d4 cxd4 7. Nxd4 Bg7 8.
Nxc6 bxc6 9. Bg5 O-O 10. Bxe7 Qxe7 11. Qe2 Qb4 12. Qd3 a5 13. a3 Qxb2 14. Na4
Qb8 15. Rab1 Qa7 16. Nb6 Rb8 17. Nxc8 Rfxc8 18. Ba6 Re8 19. Rb3 a4 20. Rxb8
Rxb8 21. Qd6 Rb2 22. Bc8 Rxc2 23. Bxd7 Ra2 24. Qxc6 Rb2 25. g3 Rd2 26. Qc8+ Bf8
27. Bc6 Rc2 28. Rd1 Qxf2+ 29. Kh1 Qxh2# 0-1

[Event "Junior Online 4NCL Division 5"]
[Site "online"]
[Date "2020.04.30"]
[Round "3.161"]
[White "Xu, Albert"]
[Black "Kanodia, Ramit"]
[Result "1-0"]
[WhiteElo "1450"]
[BlackElo "770"]
[PlyCount "109"]
[EventDate "2020.04.30"]
[WhiteTeam "Cambridge Chess & Go B"]
[BlackTeam "Dundee"]

1. e4 e5 2. Nf3 Nc6 3. Nc3 Bb4 4. Bc4 d6 5. d3 Bg4 6. Be3 Nf6 7. O-O Qd7 8. a3
Bxc3 9. bxc3 O-O 10. Rb1 b6 11. d4 a6 12. d5 Na5 13. Bd3 c6 14. dxc6 Qxc6 15.
Rxb6 Qd7 16. Rxa6 Rxa6 17. Bxa6 Qc6 18. Bd3 Rd8 19. h3 Bh5 20. Bg5 d5 21. exd5
Qxd5 22. Re1 Qd6 23. Be2 Qb6 24. Qc1 Rd6 25. Nxe5 Bxe2 26. Rxe2 Re6 27. Qd2
Qb1+ 28. Re1 Qb5 29. Bxf6 gxf6 30. Nd3 Rxe1+ 31. Qxe1 Qa4 32. Nb4 Qxa3 33. Qd2
Nc4 34. Qd3 Qc1+ 35. Kh2 Qf4+ 36. Qg3+ Qg5 37. Qxg5+ fxg5 38. Kg3 f6 39. Kf3 h6
40. Ke4 Nd2+ 41. Kd4 Nb3+ 42. Kd5 Kf7 43. c4 Ke7 44. c5 Kd7 45. c6+ Kc8 46. Kd6
Kd8 47. Nd5 Na5 48. c7+ Kc8 49. Ne7+ Kb7 50. c8=Q+ Kb6 51. Nd5+ Ka7 52. Qc5+
Kb8 53. Qxa5 f5 54. Qc7+ Ka8 55. Nb6# 1-0

[Event "Junior Online 4NCL Division 5"]
[Site "online"]
[Date "2020.04.30"]
[Round "3.162"]
[White "Kanodia, Charvi"]
[Black "Xu, Jiarui"]
[Result "0-1"]
[WhiteElo "725"]
[BlackElo "1420"]
[PlyCount "68"]
[EventDate "2020.04.30"]
[WhiteTeam "Dundee"]
[BlackTeam "Cambridge Chess & Go B"]

1. e4 e5 2. Nf3 Nc6 3. Bc4 Bc5 4. Nc3 h6 5. O-O Nf6 6. d3 O-O 7. a3 a6 8. b4
Ba7 9. Nd5 d6 10. Bb2 Be6 11. d4 exd4 12. Bxd4 Bxd4 13. Nxd4 Nxe4 14. Nf4 Bxc4
15. Re1 Nf6 16. Nh5 Nxh5 17. Qxh5 Nxd4 18. Re4 Nxc2 19. Rc1 Bd3 20. Rg4 Be2 21.
f3 Kh7 22. Qf5+ g6 23. Qe4 f5 24. Qxc2 fxg4 25. Qxe2 gxf3 26. gxf3 c6 27. Qg2
Qb6+ 28. Kh1 Qe3 29. Rf1 Rae8 30. Rg1 Qxf3 31. Rd1 Qxd1+ 32. Qg1 Re1 33. Qxe1
Rf1+ 34. Qxf1 Qxf1# 0-1

[Event "Junior Online 4NCL Division 5"]
[Site "online"]
[Date "2020.04.30"]
[Round "3.163"]
[White "Yuan, Derek"]
[Black "Baron, Alexander"]
[Result "1-0"]
[WhiteElo "1360"]
[BlackElo "216"]
[PlyCount "81"]
[EventDate "2020.04.30"]
[WhiteTeam "Cambridge Chess & Go B"]
[BlackTeam "Dundee"]

1. e4 e5 2. Nf3 Nc6 3. Bb5 Bc5 4. O-O a6 5. Bxc6 dxc6 6. d3 Qf6 7. Bg5 Qg6 8.
Be3 Bxe3 9. fxe3 Bh3 10. Rf2 Nf6 11. Nxe5 Ng4 12. Nxg6 Nxf2 13. Kxf2 fxg6 14.
gxh3 O-O+ 15. Kg3 Rf6 16. Nd2 Raf8 17. Qe2 g5 18. Rf1 Rxf1 19. Nxf1 h5 20. Nd2
h4+ 21. Kg4 Rf7 22. Kxg5 g6 23. Kxh4 Rh7+ 24. Kg4 Rh5 25. Kg3 b5 26. Qg4 Kf7
27. Nf3 Kf6 28. Qf4+ Ke6 29. Qg4+ Kf6 30. Qf4+ Ke6 31. Ng5+ Ke7 32. Qe5+ Kd7
33. Kg4 c5 34. Qg7+ Kd6 35. Qxg6+ Kd7 36. Qxh5 Kc6 37. Qg6+ Kb7 38. Ne6 c4 39.
Nc5+ Ka7 40. Qxa6+ Kb8 41. Nd7# 1-0

[Event "Junior Online 4NCL Division 5"]
[Site "online"]
[Date "2020.04.30"]
[Round "3.164"]
[White "Liu, Haoqi"]
[Black "Ke, Kevin"]
[Result "1-0"]
[WhiteElo "200"]
[BlackElo "1345"]
[PlyCount "85"]
[EventDate "2020.04.30"]
[WhiteTeam "Dundee"]
[BlackTeam "Cambridge Chess & Go B"]

1. e4 e5 2. Nf3 Nc6 3. Nc3 Nf6 4. Bc4 Bb4 5. O-O Bxc3 6. dxc3 Nxe4 7. Qd5 Nd6
8. Bg5 f6 9. Be3 Nxc4 10. Qxc4 d5 11. Qc5 Qd6 12. Qxd6 cxd6 13. Rfd1 Be6 14. b4
O-O-O 15. a4 a5 16. b5 Ne7 17. Bb6 Rd7 18. Re1 Kb8 19. c4 dxc4 20. Be3 Kc7 21.
Rad1 f5 22. g3 Nd5 23. Ng5 Re7 24. Nxe6+ Rxe6 25. Rxd5 f4 26. g4 fxe3 27. fxe3
Rf8 28. e4 Rf4 29. h3 Rf3 30. Rf1 Rxh3 31. Rf7+ Kd8 32. Rxb7 Rg3+ 33. Kf2 Rxg4
34. b6 Rf6+ 35. Ke3 Rgf4 36. Kd2 Rf8 37. Rxd6+ Kc8 38. Rdd7 Rxe4 39. Rbc7+ Kb8
40. Rxg7 Rd8+ 41. Kc3 h5 42. Rb7+ Kc8 43. Rgc7# 1-0

[Event "Junior Online 4NCL Division 5"]
[Site "online"]
[Date "2020.04.30"]
[Round "3.165"]
[White "Kanodia, Ramit"]
[Black "Xu, Albert"]
[Result "1-0"]
[WhiteElo "770"]
[BlackElo "1450"]
[PlyCount "91"]
[EventDate "2020.04.30"]
[WhiteTeam "Dundee"]
[BlackTeam "Cambridge Chess & Go B"]

1. e4 e5 2. Nf3 Nc6 3. Bb5 Nge7 4. d3 d6 5. Nc3 Bg4 6. h3 Bh5 7. g4 Bg6 8. h4
f6 9. h5 Bf7 10. Be3 a6 11. Ba4 g6 12. hxg6 Bxg6 13. Nh4 Qd7 14. Nxg6 Nxg6 15.
Nd5 Bg7 16. Bh6 O-O 17. Bxg7 Kxg7 18. g5 f5 19. Nf6 Rxf6 20. gxf6+ Kxf6 21.
Bxc6 bxc6 22. Qh5 Rh8 23. O-O-O f4 24. f3 d5 25. Rdg1 Kg7 26. Qh6+ Kg8 27.
Rxg6+ hxg6 28. Qxh8+ Kf7 29. Rh7+ Ke6 30. Rxd7 Kxd7 31. Qxe5 dxe4 32. fxe4 f3
33. Qg5 f2 34. Qg4+ Kd8 35. Qh4+ Kc8 36. Qxf2 Kb7 37. Qg3 c5 38. Qxg6 c4 39. e5
cxd3 40. cxd3 a5 41. e6 a4 42. e7 a3 43. e8=Q axb2+ 44. Kxb2 c5 45. Qe7+ Kb8
46. Qg8# 1-0

[Event "Junior Online 4NCL Division 5"]
[Site "online"]
[Date "2020.04.30"]
[Round "3.166"]
[White "Xu, Jiarui"]
[Black "Kanodia, Charvi"]
[Result "1-0"]
[WhiteElo "1420"]
[BlackElo "725"]
[PlyCount "49"]
[EventDate "2020.04.30"]
[WhiteTeam "Cambridge Chess & Go B"]
[BlackTeam "Dundee"]

1. e4 e5 2. Nf3 Nc6 3. Bc4 Bc5 4. d3 Nf6 5. O-O d5 6. exd5 Nxd5 7. h3 Be6 8.
Re1 Qf6 9. Nc3 Qg6 10. Nxd5 Bxd5 11. Bxd5 Ne7 12. Nxe5 Qf5 13. Qf3 Nxd5 14.
Qxf5 O-O 15. Nd7 Rfd8 16. Nxc5 b6 17. Ne4 Re8 18. a3 g6 19. Qxd5 Rad8 20. Nf6+
Kg7 21. Nxe8+ Rxe8 22. Qd4+ f6 23. Qd7+ Kf8 24. Bh6+ Kg8 25. Qg7# 1-0

[Event "Junior Online 4NCL Division 5"]
[Site "online"]
[Date "2020.04.30"]
[Round "3.168"]
[White "Ke, Kevin"]
[Black "Liu, Haoqi"]
[Result "1-0"]
[WhiteElo "1345"]
[BlackElo "200"]
[PlyCount "91"]
[EventDate "2020.04.30"]
[WhiteTeam "Cambridge Chess & Go B"]
[BlackTeam "Dundee"]

1. d4 d5 2. c4 c6 3. cxd5 cxd5 4. Nc3 Nc6 5. Nf3 Nf6 6. Ne5 Nxe5 7. dxe5 Ne4 8.
Nxe4 e6 9. Nc3 Bb4 10. Bd2 Bxc3 11. Bxc3 Qc7 12. e3 O-O 13. g3 a5 14. Bh3 b5
15. Qd3 b4 16. Bd4 Ba6 17. Qb3 Bb5 18. a4 Bc4 19. Qc2 b3 20. Qc3 Rac8 21. Rc1
Rfd8 22. Bf1 Qe7 23. Qxa5 Rd7 24. Bxc4 dxc4 25. O-O Rb7 26. Rc3 Qb4 27. Qxb4
Rxb4 28. Ra1 Rc7 29. a5 f5 30. a6 Rc8 31. a7 Ra8 32. Bc5 Rb5 33. Rxc4 Rb7 34.
Rb4 Rd7 35. Rb8+ Rxb8 36. axb8=Q+ Kf7 37. Qf8+ Kg6 38. Qd6 Rxd6 39. exd6 Kf7
40. d7 g5 41. d8=Q g4 42. Qd7+ Kg6 43. Qxe6+ Kg5 44. h4+ Kh5 45. Qxf5+ Kh6 46.
Bf8# 1-0

[Event "Junior Online 4NCL Division 5"]
[Site "online"]
[Date "2020.04.30"]
[Round "3.171"]
[White "Hoccom, Sebastian"]
[Black "Keerthi Kumar, Advait"]
[Result "1-0"]
[WhiteElo "900"]
[BlackElo "1202"]
[PlyCount "37"]
[EventDate "2020.04.30"]
[WhiteTeam "TSK Tigers B"]
[BlackTeam "Watford 4"]

1. e4 e5 2. Nf3 Nc6 3. Nc3 Nf6 4. d4 exd4 5. Nxd4 Nxd4 6. Qxd4 Be7 7. Bc4 O-O
8. O-O b6 9. Qe3 Bb7 10. Qf4 d6 11. Qf3 Qd7 12. Bb5 c6 13. Bd3 a6 14. Re1 c5
15. e5 dxe5 16. Qf5 Qc6 17. Qh3 Nh5 18. Be4 Nf4 19. Qxh7# 1-0

[Event "Junior Online 4NCL Division 5"]
[Site "online"]
[Date "2020.04.30"]
[Round "3.172"]
[White "Shah, Prem"]
[Black "Lewis, Evan"]
[Result "1-0"]
[WhiteElo "1022"]
[BlackElo "916"]
[PlyCount "83"]
[EventDate "2020.04.30"]
[WhiteTeam "Watford 4"]
[BlackTeam "TSK Tigers B"]

1. d4 d5 2. c4 e6 3. Nc3 Nf6 4. cxd5 exd5 5. Nf3 Bb4 6. Bg5 O-O 7. Bxf6 Qxf6 8.
e3 Bxc3+ 9. bxc3 Bg4 10. Be2 Nc6 11. O-O Bxf3 12. Bxf3 Rad8 13. Qb3 Qg5 14.
Qxb7 Ne7 15. Qxc7 a5 16. Qxa5 Nc6 17. Qc5 Ne7 18. c4 Rc8 19. Qb5 Rxc4 20. e4
Rxd4 21. Rad1 Rxd1 22. Rxd1 h6 23. exd5 Rd8 24. a4 Nf5 25. a5 Nd6 26. Qc6 Qf5
27. a6 Nc8 28. d6 Na7 29. Qc7 Rd7 30. Qb8+ Kh7 31. Re1 Qd3 32. Be4+ Qxe4 33.
Rxe4 Nc6 34. Qb1 Rxd6 35. Re6+ g6 36. Rxd6 Ne5 37. a7 Kg7 38. a8=R h5 39. Qb8
Kh6 40. Qh8+ Kg5 41. Qxe5+ Kh4 42. Rd4# 1-0

[Event "Junior Online 4NCL Division 5"]
[Site "online"]
[Date "2020.04.30"]
[Round "3.173"]
[White "Elliott, Joseph"]
[Black "Arora, Aarav"]
[Result "1-0"]
[WhiteElo "970"]
[BlackElo "1007"]
[PlyCount "61"]
[EventDate "2020.04.30"]
[WhiteTeam "TSK Tigers B"]
[BlackTeam "Watford 4"]

1. e4 e5 2. Nf3 Nc6 3. Bc4 Bc5 4. Nc3 Nf6 5. O-O O-O 6. d3 d6 7. Bg5 h6 8. Bxf6
Qxf6 9. h3 Be6 10. Bxe6 Qxe6 11. Nb5 Qd7 12. c3 a6 13. Na3 Rad8 14. b4 Bb6 15.
Nc4 Ba7 16. a4 b5 17. axb5 axb5 18. Na3 Ra8 19. Nxb5 Bb6 20. Rxa8 Rxa8 21. d4
exd4 22. cxd4 Nxb4 23. Nc3 Na2 24. Nxa2 Rxa2 25. Qb1 Ra7 26. e5 dxe5 27. dxe5
Ra3 28. Rd1 Qc8 29. Qb2 Qa6 30. Qc2 Ra2 31. Rd8# 1-0

[Event "Junior Online 4NCL Division 5"]
[Site "online"]
[Date "2020.04.30"]
[Round "3.174"]
[White "Bharadwaj, Sai"]
[Black "Choung, Ava Grace"]
[Result "0-1"]
[WhiteElo "1052"]
[BlackElo "921"]
[PlyCount "80"]
[EventDate "2020.04.30"]
[WhiteTeam "Watford 4"]
[BlackTeam "TSK Tigers B"]

1. e4 e5 2. Nf3 Nc6 3. d3 Nf6 4. Nc3 d5 5. exd5 Nxd5 6. Bd2 Nxc3 7. Bxc3 Bb4 8.
Bxb4 Nxb4 9. Nxe5 O-O 10. Qd2 Nd5 11. O-O-O Qf6 12. Re1 Qf4 13. Qxf4 Nxf4 14.
Nf3 Bg4 15. Re4 Rae8 16. Be2 Nxe2+ 17. Kd1 Bxf3 18. gxf3 Rxe4 19. fxe4 Nf4 20.
d4 f5 21. e5 g5 22. Rg1 g4 23. c3 c6 24. Kd2 b5 25. Ke3 Nh3 26. Rg3 f4+ 27. Ke4
fxg3 28. hxg3 Nxf2+ 29. Ke3 Rf3+ 30. Kd2 Ne4+ 31. Kc2 Rxg3 32. Kb3 Re3 33. e6
Nd2+ 34. Kc2 Nc4 35. b3 Na3+ 36. Kd1 Rxe6 37. c4 bxc4 38. bxc4 Nxc4 39. a4 g3
40. a5 g2 0-1

[Event "Junior Online 4NCL Division 5"]
[Site "online"]
[Date "2020.04.30"]
[Round "3.175"]
[White "Keerthi Kumar, Advait"]
[Black "Hoccom, Sebastian"]
[Result "1-0"]
[WhiteElo "1202"]
[BlackElo "900"]
[PlyCount "57"]
[EventDate "2020.04.30"]
[WhiteTeam "Watford 4"]
[BlackTeam "TSK Tigers B"]

1. e4 e5 2. f3 Nc6 3. Bc4 Nf6 4. Ne2 Bc5 5. c3 O-O 6. d4 exd4 7. cxd4 Bb4+ 8.
Nbc3 b6 9. O-O Bxc3 10. bxc3 Na5 11. Bb3 Nxb3 12. axb3 d5 13. Bg5 dxe4 14. fxe4
h6 15. Bh4 Qd6 16. e5 Qe6 17. exf6 Qe3+ 18. Kh1 Qe4 19. fxg7 Bh3 20. gxf8=Q+
Rxf8 21. Rg1 Qxh4 22. gxh3+ Kh8 23. d5 Qe4+ 24. Rg2 Rg8 25. Ng3 Qh4 26. Nh5
Qxh3 27. Qd4+ Kh7 28. Nf6+ Kh8 29. Rxg8# 1-0

[Event "Junior Online 4NCL Division 5"]
[Site "online"]
[Date "2020.04.30"]
[Round "3.176"]
[White "Lewis, Evan"]
[Black "Shah, Prem"]
[Result "0-1"]
[WhiteElo "916"]
[BlackElo "1022"]
[PlyCount "86"]
[EventDate "2020.04.30"]
[WhiteTeam "TSK Tigers B"]
[BlackTeam "Watford 4"]

1. e4 d5 2. Nc3 Nf6 3. exd5 Nxd5 4. Nxd5 Qxd5 5. d4 Nc6 6. Nf3 Bg4 7. Bd3 Bxf3
8. gxf3 Nxd4 9. O-O Nxf3+ 10. Kh1 e5 11. a4 Bb4 12. Bb5+ c6 13. Qxd5 Ng5 14.
Qxe5+ Be7 15. Re1 O-O 16. b3 Nf3 17. Qc3 Nxe1 18. Bb2 Bf6 19. Qxe1 Bxb2 20. Rd1
cxb5 21. axb5 Rac8 22. c4 h6 23. Rd7 Rfe8 24. Qb4 Rb8 25. c5 Re2 26. Qc4 Rxf2
27. Qxf7+ Rxf7 28. Rxf7 Kxf7 29. c6 bxc6 30. bxc6 Rc8 31. c7 Rxc7 32. b4 g5 33.
b5 g4 34. Kg2 Rc2+ 35. Kg3 Rc5 36. Kxg4 Rxb5 37. h4 a5 38. Kf4 a4 39. Ke3 a3
40. Kd2 a2 41. Kc2 a1=Q 42. Kd3 Qd1+ 43. Kc4 Qd5# 0-1

[Event "Junior Online 4NCL Division 5"]
[Site "online"]
[Date "2020.04.30"]
[Round "3.177"]
[White "Arora, Aarav"]
[Black "Elliott, Joseph"]
[Result "1-0"]
[WhiteElo "1007"]
[BlackElo "970"]
[PlyCount "105"]
[EventDate "2020.04.30"]
[WhiteTeam "Watford 4"]
[BlackTeam "TSK Tigers B"]

1. e4 c5 2. Nf3 d6 3. d4 cxd4 4. Nxd4 e5 5. Nf3 f5 6. exf5 Bxf5 7. Bc4 Qa5+ 8.
Bd2 Qb6 9. O-O Qxb2 10. Nc3 Qxc2 11. Qxc2 Bxc2 12. Rac1 Bg6 13. Bb5+ Nc6 14.
Nd5 O-O-O 15. Bxc6 bxc6 16. Rxc6+ Kb8 17. Rb1+ Ka8 18. Rbc1 Rb8 19. Rc8 Rxc8
20. Rxc8+ Kb7 21. Rxf8 Kc6 22. Ne7+ Nxe7 23. Rxh8 Kd7 24. Bg5 Ke6 25. Bxe7 Kxe7
26. Rg8 Kf7 27. Ra8 Bh5 28. Rxa7+ Kg6 29. h3 Bxf3 30. gxf3 Kf6 31. Kh2 g5 32.
Kg1 h5 33. Kf1 Kf5 34. Ke1 g4 35. fxg4+ hxg4 36. hxg4+ Kxg4 37. Ke2 Kf4 38. a4
d5 39. Rd7 d4 40. a5 Ke4 41. f3+ Kf4 42. a6 e4 43. fxe4 Kxe4 44. a7 d3+ 45. Kd2
Ke5 46. a8=Q Ke6 47. Qd5+ Kf6 48. Rd6+ Ke7 49. Qe6+ Kf8 50. Rd8+ Kg7 51. Rd7+
Kf8 52. Qb6 Ke8 53. Qd8# 1-0

[Event "Junior Online 4NCL Division 5"]
[Site "online"]
[Date "2020.04.30"]
[Round "3.178"]
[White "Choung, Ava Grace"]
[Black "Bharadwaj, Sai"]
[Result "1-0"]
[WhiteElo "921"]
[BlackElo "1052"]
[PlyCount "61"]
[EventDate "2020.04.30"]
[WhiteTeam "TSK Tigers B"]
[BlackTeam "Watford 4"]

1. e4 e6 2. Nc3 Nc6 3. Nf3 e5 4. d4 exd4 5. Nxd4 Ne5 6. Bf4 Bd6 7. Bxe5 Bxe5 8.
Qd3 Qg5 9. h4 Qg4 10. Be2 Qxg2 11. O-O-O Bf4+ 12. Kb1 d6 13. Qb5+ Bd7 14. Nc6
bxc6 15. Qb7 Rc8 16. Bb5 cxb5 17. Nxb5 Ne7 18. Nxd6+ cxd6 19. Qxa7 Qxe4 20.
Rhe1 O-O 21. Rxe4 Ng6 22. Qxd7 Nxh4 23. Rxf4 Ng2 24. Rg4 Rcd8 25. Qf5 g6 26.
Rxg2 Rde8 27. Rdg1 Kh8 28. Qf6+ Kg8 29. Rxg6+ hxg6 30. Rh1 g5 31. Qh8# 1-0

[Event "Junior Online 4NCL Division 5"]
[Site "online"]
[Date "2020.04.30"]
[Round "3.181"]
[White "Bradley, Adam"]
[Black "Howett, Alex"]
[Result "1-0"]
[WhiteElo "1075"]
[BlackElo "1142"]
[PlyCount "127"]
[EventDate "2020.04.30"]
[WhiteTeam "Robin Hoods 6"]
[BlackTeam "Warwickshire Bears F"]

1. e4 e5 2. Nf3 Nc6 3. Bc4 Nf6 4. d3 Bc5 5. Nc3 d6 6. h3 O-O 7. a3 b6 8. Bg5 h6
9. Bxf6 Qxf6 10. Nd5 Qd8 11. b4 Be6 12. d4 Bxd4 13. Rc1 a6 14. c3 Bc5 15. bxc5
dxc5 16. O-O b5 17. Bd3 c4 18. Bc2 Re8 19. Qd2 Qd7 20. Qe3 Bxd5 21. exd5 Qxd5
22. Be4 Qe6 23. Rcd1 Qf6 24. Qc5 Na5 25. Qxc7 Rac8 26. Qxa5 Re6 27. Bd5 Rd6 28.
Rd2 Rcd8 29. Rfd1 R8d7 30. a4 bxa4 31. Qxa4 Qd8 32. Nxe5 Re7 33. Bxf7+ Rxf7 34.
Rxd6 Qg5 35. Nxf7 Qe7 36. Qd7 Qxf7 37. Qd8+ Kh7 38. Rd7 Qf5 39. Rxg7+ Kxg7 40.
Qd4+ Kg6 41. Re1 Kg5 42. Re4 Kg6 43. Rg4+ Qxg4 44. hxg4 Kg5 45. f4+ Kxg4 46.
Qg7+ Kxf4 47. Qxh6+ Ke4 48. g4 a5 49. g5 a4 50. Qh2 Kd3 51. g6 Kxc3 52. g7 a3
53. g8=Q Kb3 54. Qgg2 c3 55. Qb7+ Kc4 56. Qc2 a2 57. Qbb3+ Kd4 58. Qbxa2 Ke5
59. Qxc3+ Kf4 60. Qa4+ Kf5 61. Qc5+ Ke6 62. Qac6+ Kf7 63. Qa7+ Kf8 64. Qc8# 1-0

[Event "Junior Online 4NCL Division 5"]
[Site "online"]
[Date "2020.04.30"]
[Round "3.182"]
[White "Johal, Amraya K"]
[Black "Brown, William"]
[Result "1-0"]
[WhiteElo "1075"]
[BlackElo "917"]
[PlyCount "59"]
[EventDate "2020.04.30"]
[WhiteTeam "Warwickshire Bears F"]
[BlackTeam "Robin Hoods 6"]

1. e4 e6 2. Nc3 Nf6 3. Nf3 d5 4. d3 c6 5. Bg5 Bb4 6. Bxf6 Qxf6 7. Qd2 d4 8. e5
Qe7 9. Nxd4 f6 10. a3 Bc5 11. Be2 Bxd4 12. O-O Bxe5 13. d4 Bd6 14. Ne4 e5 15.
c3 Bf5 16. Nxd6+ Kf8 17. Nxf5 Qe6 18. Ne3 Na6 19. Bc4 Qd6 20. Bxa6 Rd8 21. Bxb7
exd4 22. Nf5 Qc7 23. Ba6 dxc3 24. Qxc3 Kf7 25. Rae1 Rhe8 26. Rxe8 Rxe8 27. Qc4+
Re6 28. Re1 Qd6 29. Nxd6+ Kg6 30. Qxe6 1-0

[Event "Junior Online 4NCL Division 5"]
[Site "online"]
[Date "2020.04.30"]
[Round "3.183"]
[White "Clay, Jonathan"]
[Black "Ansell, Jenna"]
[Result "1-0"]
[WhiteElo "887"]
[BlackElo "1075"]
[PlyCount "69"]
[EventDate "2020.04.30"]
[WhiteTeam "Robin Hoods 6"]
[BlackTeam "Warwickshire Bears F"]

1. e4 e5 2. Nf3 Nc6 3. Nc3 d6 4. Bc4 Qd7 5. d3 Nf6 6. Bg5 Be7 7. O-O Qd8 8.
Bxf6 Bxf6 9. Bb5 Bd7 10. Bxc6 Bxc6 11. Ne1 Qe7 12. Nd5 Bxd5 13. exd5 O-O 14. c4
c6 15. dxc6 bxc6 16. Nc2 Rab8 17. d4 exd4 18. Nxd4 Bxd4 19. Qxd4 f6 20. Rae1
Rbe8 21. Rxe7 Rxe7 22. b4 a6 23. c5 dxc5 24. Qxc5 h6 25. Qxe7 a5 26. bxa5 Kh7
27. Qxf8 Kg6 28. a6 c5 29. a7 c4 30. a8=Q c3 31. Qe4+ Kg5 32. Qc2 g6 33. Qxc3
f5 34. Qh3 h5 35. Qg3# 1-0

[Event "Junior Online 4NCL Division 5"]
[Site "online"]
[Date "2020.04.30"]
[Round "3.184"]
[White "Pal, Rhea"]
[Black "Stoyanov, Boris"]
[Result "0-1"]
[WhiteElo "985"]
[BlackElo "857"]
[PlyCount "168"]
[EventDate "2020.04.30"]
[WhiteTeam "Warwickshire Bears F"]
[BlackTeam "Robin Hoods 6"]

1. e4 e5 2. Nf3 Nc6 3. Nc3 Nf6 4. Bc4 Bc5 5. O-O O-O 6. Nxe5 Nxe5 7. d4 Nxc4 8.
dxc5 d6 9. cxd6 cxd6 10. Bg5 Nxb2 11. Bxf6 Nxd1 12. Bxd8 Rxd8 13. Raxd1 Be6 14.
Rd2 Rac8 15. Nb5 Bc4 16. Nc3 b5 17. Rfd1 Rc6 18. e5 b4 19. Ne4 d5 20. Ng5 h6
21. Nf3 a5 22. a4 b3 23. cxb3 Bxb3 24. Rd4 Bxd1 25. Rxd1 Rdc8 26. h3 Rc1 27.
Rxc1 Rxc1+ 28. Kh2 Rd1 29. Kg3 d4 30. Kf4 d3 31. Ke3 d2 32. Nxd2 Re1+ 33. Kd3
Rxe5 34. Nc4 Rg5 35. g4 Rd5+ 36. Kc3 f5 37. Kb3 fxg4 38. hxg4 h5 39. gxh5 Rxh5
40. f4 Rh3+ 41. Kc2 Rh5 42. Kc3 Rf5 43. Kb3 Rxf4 44. Nxa5 Rf3+ 45. Ka2 g5 46.
Nc4 Rf2+ 47. Kb3 g4 48. a5 g3 49. a6 g2 50. a7 g1=Q 51. a8=Q+ Rf8 52. Qd5+ Rf7
53. Ne5 Qb1+ 54. Kc4 Qa2+ 55. Kc5 Qa5+ 56. Kd6 Qa6+ 57. Kc5 Qa7+ 58. Kb5 Qd7+
59. Kc5 Qc7+ 60. Kd4 Qa7+ 61. Ke4 Qa4+ 62. Ke3 Qa7+ 63. Ke4 Qa4+ 64. Kd3 Qa3+
65. Kc2 Qa4+ 66. Kd3 Qa3+ 67. Ke4 Qa4+ 68. Ke3 Qa3+ 69. Ke2 Qa6+ 70. Nd3 Qa2+
71. Ke3 Qxd5 72. Ke2 Qf3+ 73. Kd2 Rd7 74. Kc2 Qxd3+ 75. Kc1 Rc7+ 76. Kb2 Qc2+
77. Ka1 Qa4+ 78. Kb1 Rb7+ 79. Kc1 Qc6+ 80. Kd2 Rd7+ 81. Ke2 Qe6+ 82. Kf2 Rf7+
83. Kg2 Qg6+ 84. Kh2 Rh7# 0-1

[Event "Junior Online 4NCL Division 5"]
[Site "online"]
[Date "2020.04.30"]
[Round "3.185"]
[White "Howett, Alex"]
[Black "Bradley, Adam"]
[Result "0-1"]
[WhiteElo "1142"]
[BlackElo "1075"]
[PlyCount "56"]
[EventDate "2020.04.30"]
[WhiteTeam "Warwickshire Bears F"]
[BlackTeam "Robin Hoods 6"]

1. e4 e5 2. Nf3 Nc6 3. Nc3 f6 4. Bc4 Bc5 5. d3 Nge7 6. Na4 d6 7. a3 a6 8. b4
Ba7 9. Nc3 b5 10. Bb3 a5 11. bxa5 Nxa5 12. Nxb5 Rb8 13. Nc3 Nec6 14. Be3 Bg4
15. h3 Bxf3 16. Qxf3 Nd4 17. Bxd4 Bxd4 18. O-O-O Bxc3 19. Qf5 Qd7 20. Qh5+ Kd8
21. Qg4 Nxb3+ 22. cxb3 Rxb3 23. Kc2 Qa4 24. Rb1 Rxa3+ 25. Kc1 Ra1 26. Rxa1
Qxa1+ 27. Kc2 Qb2+ 28. Kd1 Qd2# 0-1